<?xml version="1.0" encoding="UTF-8"?>
<record
    xmlns:xsi="http://www.w3.org/2001/XMLSchema-instance"
    xsi:schemaLocation="http://www.loc.gov/MARC21/slim http://www.loc.gov/standards/marcxml/schema/MARC21slim.xsd"
    xmlns="http://www.loc.gov/MARC21/slim">

  <leader>01890nam a2200277 u 4500</leader>
  <controlfield tag="001">000003266</controlfield>
  <controlfield tag="003">DO-SdBNP</controlfield>
  <controlfield tag="005">20250925082330.0</controlfield>
  <controlfield tag="007">ta</controlfield>
  <controlfield tag="008">090707s2017    dr a    r     000 0 spa d</controlfield>
  <datafield tag="020" ind1=" " ind2=" ">
    <subfield code="a">9789945168167</subfield>
  </datafield>
  <datafield tag="040" ind1=" " ind2=" ">
    <subfield code="a">DO-SdBNP</subfield>
    <subfield code="b">spa</subfield>
    <subfield code="c">BNPHU</subfield>
  </datafield>
  <datafield tag="082" ind1=" " ind2="4">
    <subfield code="a">068.7293</subfield>
    <subfield code="b">M843h</subfield>
    <subfield code="2">22</subfield>
  </datafield>
  <datafield tag="100" ind1="1" ind2=" ">
    <subfield code="a">Moreno Ceballos, Nelson,</subfield>
    <subfield code="d">1946-</subfield>
    <subfield code="9">33018</subfield>
  </datafield>
  <datafield tag="245" ind1="1" ind2="0">
    <subfield code="a">Historia de las academias de ciencias y de las organizaciones cient&#xED;ficas internacionales  /</subfield>
    <subfield code="c">Nelson Moreno Ceballos.</subfield>
  </datafield>
  <datafield tag="246" ind1="1" ind2="0">
    <subfield code="a">History of academies of sciences and international scientific organizations</subfield>
  </datafield>
  <datafield tag="260" ind1=" " ind2=" ">
    <subfield code="a">Santo Domingo :</subfield>
    <subfield code="b">B&#xFA;ho,</subfield>
    <subfield code="c">2017.</subfield>
  </datafield>
  <datafield tag="300" ind1=" " ind2=" ">
    <subfield code="a">360 p. :</subfield>
    <subfield code="c">24 cm.</subfield>
    <subfield code="b">il ;</subfield>
  </datafield>
  <datafield tag="505" ind1=" " ind2=" ">
    <subfield code="a">Las primeras comunidades de cient&#xED;ficos en la antig&#xFC;edad cl&#xE1;sica y en el mundo helen&#xED;stico 47 -- Descr&#xE9;dito y desplazamiento de las culturas grecorromana y helen&#xED;stica por parte del cristianismo 67 -- Las culturas &#xE1;rabe y oriental y el surgimiento de Bagdad y C&#xF3;rdoba como centros cient&#xED;ficos durante el inicio de la Edad Media 81 -- Origen de las Primeras Academicas de Ciencias en la edad moderna 101 -- Las academias desdientes, las sociedades para el avance de la ciencia y los congresos cient&#xED;ficos durante los siglos XVIII y XIX 121 -- Las asociaciones internacionales de academias de ciencias y de otras instituciones 139 -- Breve historia de la Comunidad Cient&#xED;fica del Caribe (CCC) y la expansi&#xF3;n de sus relaciones interinstitucionales 173 -- Breve rese&#xF1;a de cada una de las academias de ciencias del Gran Caribe 285 -- El papel de las academias de ciencias en el mundo posmoderno 311</subfield>
  </datafield>
  <datafield tag="590" ind1=" " ind2=" ">
    <subfield code="a">Inventariado, 2022 / DG</subfield>
  </datafield>
  <datafield tag="600" ind1=" " ind2=" ">
    <subfield code="a">Uni&#xF3;n Cient&#xED;fica del Caribe</subfield>
    <subfield code="x">Historia</subfield>
    <subfield code="9">81888</subfield>
  </datafield>
  <datafield tag="650" ind1=" " ind2="0">
    <subfield code="a">Crisis econ&#xF3;mica </subfield>
    <subfield code="x">Cooperaci&#xF3;n internacional</subfield>
    <subfield code="z">Caribe (Regi&#xF3;n)</subfield>
    <subfield code="9">9159</subfield>
  </datafield>
  <datafield tag="651" ind1=" " ind2="4">
    <subfield code="a">Ciencia</subfield>
    <subfield code="x">Sociedades, etc.</subfield>
    <subfield code="9">5778</subfield>
    <subfield code="z">Caribe (Regi&#xF3;n)</subfield>
  </datafield>
  <datafield tag="910" ind1=" " ind2=" ">
    <subfield code="a">DG</subfield>
  </datafield>
  <datafield tag="942" ind1=" " ind2=" ">
    <subfield code="2">ddc</subfield>
    <subfield code="c">LBS1</subfield>
  </datafield>
  <datafield tag="952" ind1=" " ind2=" ">
    <subfield code="0">0</subfield>
    <subfield code="1">0</subfield>
    <subfield code="2">ddc</subfield>
    <subfield code="5">1</subfield>
    <subfield code="7">0</subfield>
    <subfield code="8">MO</subfield>
    <subfield code="a">BNPHU</subfield>
    <subfield code="b">PD</subfield>
    <subfield code="c">CT</subfield>
    <subfield code="d">2017-08-10</subfield>
    <subfield code="l">0</subfield>
    <subfield code="o">BNPHU PD 068.7293 M843h</subfield>
    <subfield code="p">2022-3114</subfield>
    <subfield code="r">2022-06-22</subfield>
    <subfield code="w">2022-06-22</subfield>
    <subfield code="y">LBS1</subfield>
  </datafield>
  <datafield tag="952" ind1=" " ind2=" ">
    <subfield code="0">0</subfield>
    <subfield code="1">0</subfield>
    <subfield code="2">ddc</subfield>
    <subfield code="5">1</subfield>
    <subfield code="7">0</subfield>
    <subfield code="8">MO</subfield>
    <subfield code="a">BNPHU</subfield>
    <subfield code="b">PD</subfield>
    <subfield code="c">CT</subfield>
    <subfield code="d">2017-08-10</subfield>
    <subfield code="l">0</subfield>
    <subfield code="o">BNPHU PD 068.7293 M843h</subfield>
    <subfield code="p">2022-3115</subfield>
    <subfield code="r">2022-06-22</subfield>
    <subfield code="t">e.2</subfield>
    <subfield code="w">2022-06-22</subfield>
    <subfield code="y">LBS1</subfield>
  </datafield>
  <datafield tag="952" ind1=" " ind2=" ">
    <subfield code="0">0</subfield>
    <subfield code="1">0</subfield>
    <subfield code="2">ddc</subfield>
    <subfield code="5">6</subfield>
    <subfield code="7">0</subfield>
    <subfield code="8">MO</subfield>
    <subfield code="a">BNPHU</subfield>
    <subfield code="b">DO</subfield>
    <subfield code="c">CT</subfield>
    <subfield code="d">2017-08-10</subfield>
    <subfield code="l">0</subfield>
    <subfield code="o">BNPHU DS 068.7293 M843h</subfield>
    <subfield code="p">2022-3116</subfield>
    <subfield code="r">2022-06-22</subfield>
    <subfield code="t">e.3</subfield>
    <subfield code="w">2022-06-22</subfield>
    <subfield code="y">LBS1</subfield>
  </datafield>
  <datafield tag="999" ind1=" " ind2=" ">
    <subfield code="c">52084</subfield>
    <subfield code="d">52084</subfield>
  </datafield>
</record>
